| 000 | 00558nam a2200181Ia 4500 | ||
|---|---|---|---|
| 008 | 100920s9999 xx 000 0 und d | ||
| 082 |
_b72248 _a24 थ 94 |
||
| 100 | _aसोनवणी संजय. | ||
| 245 | _aरक्त हिटलरचे. | ||
| 260 |
_bअमोद प्रकाशन, मुंबई. _c1994 |
||
| 300 |
_a188 _bसाधी |
||
| 365 | _b100 | ||
| 520 | _aसायो. | ||
| 630 | _aरक्त हिटलरचे. | ||
| 650 | _aसायो. | ||
| 730 | _aरक्त हिटलरचे. | ||
| 942 | _cBOOK | ||
| 999 |
_c714057 _d714054 |
||